Fenomén Macron: Smerovanie k prezidentskej republike?

Analýza politického štýlu a vládnutia francúzskeho prezidenta Emmanuela Macrona. Skúmanie či jeho mandát predstavuje diskontinuitu s prezidentskou tradíciou 5. republiky a posun od semiprezidentskej republiky k prezidentskému systému. Tvrdenie, že hoci sa Emmanuel Macron usiluje reprezentovať razant...

Descrizione completa

Salvato in:
Dettagli Bibliografici
Autore principale: Augustín, Michael, 1991-
Natura: Capitolo di libro
Lingua:slovacco
Soggetti:
Tags: Aggiungi Tag
Nessun Tag, puoi essere il primo ad aggiungerne!!

MARC

LEADER 00000naa a2200000 4500
001 0273181
005 20240502074315.5
041 0 |a slo 
044 |a SK 
245 1 0 |a Fenomén Macron: Smerovanie k prezidentskej republike?  |c Michael Augustín 
520 |a Analýza politického štýlu a vládnutia francúzskeho prezidenta Emmanuela Macrona. Skúmanie či jeho mandát predstavuje diskontinuitu s prezidentskou tradíciou 5. republiky a posun od semiprezidentskej republiky k prezidentskému systému. Tvrdenie, že hoci sa Emmanuel Macron usiluje reprezentovať razantnú prezidentskú autoritu a disponuje ambíciami presadzovať silnú vertikálnosť výkonnej moci, po roku 2017 formálne nedošlo vo väčšej miere k prezidencializácii politického systému 5. republiky. 
610 2 0 |a prezidenti 
610 2 0 |a štýl vedenia 
610 2 0 |a moc výkonná 
610 2 0 |a Francúzsko 
100 1 |a Augustín, Michael, 1991-